[Event "ECC"]
[Site "Halkidiki GRE"]
[Date "2002.09.23"]
[Round "2"]
[White "Filippov,V"]
[Black "Borovikov,V"]
[Result "1-0"]
[WhiteElo "2615"]
[BlackElo "2570"]
[EventDate "2002.09.22"]

1. d4 d5 2. Nf3 Nf6 3. c4 c6 4. Nc3 e6 5. Bg5 h6 6. Bh4 dxc4 7. e4 g5 8.
Bg3 b5 9. Be2 Bb7 10. h4 g4 11. Ne5 h5 12. O-O Nbd7 13. Qc2 Nxe5 14. Bxe5
Bg7 15. Rad1 O-O 16. Bg3 Nd7 17. f3 Qb6 18. Kh1 e5 19. dxe5 Nxe5 20. Qc1
Rae8 21. fxg4 hxg4 22. Rd6 Qc5 23. Rdf6 Bc8 24. Qg5 Nd3 25. Nd5 Rxe4 26.
Bxd3 cxd3 27. Rxc6 Qxc6 28. Nf6+ Qxf6 29. Rxf6 Re2 30. h5 d2 31. Rd6 Kh7
32. h6 d1=Q+ 33. Rxd1 Bxh6 34. Qxb5 Rfe8 35. Rf1 f5 36. Rxf5 Bxf5 37. Qxf5+
Kg8 38. Qxg4+ Bg7 39. b4 R2e4 40. Qd7 R8e6 41. Bf4 Re7 42. Qd5+ Kh8 43. Bg5
R7e5 44. Qd2 Kh7 45. Qd3 Kg6 46. Be3 Kf7 47. Bc5 a5 48. a3 axb4 49. axb4
Re1+ 50. Kh2 Rh5+ 51. Kg3 Ree5 52. Be3 Bf8 53. Qc4+ Rd5 54. b5 Bd6+ 55. Kg4
Ke7 56. b6 Rb5 57. b7 Rhe5 58. Bf4 Rxb7 59. Bxe5 Bxe5 60. Kf5 1-0

[Event "ECC"]
[Site "Halkidiki GRE"]
[Date "2002.09.23"]
[Round "2"]
[White "Pigusov,E"]
[Black "Miroshnichenko,E"]
[Result "1-0"]
[WhiteElo "2622"]
[BlackElo "2525"]
[EventDate "2002.09.22"]

1. Nf3 Nf6 2. g3 g6 3. c4 Bg7 4. Bg2 d5 5. cxd5 Nxd5 6. O-O Nc6 7. Nc3 Nb6
8. d3 O-O 9. Be3 e5 10. Qd2 Re8 11. Bh6 Nd4 12. Bxg7 Kxg7 13. Nxd4 exd4 14.
Ne4 c6 15. Rfe1 a5 16. Rac1 Nd5 17. a3 h5 18. Qc2 Nc7 19. h4 Re5 20. Ng5 a4
21. Qd2 Ne6 22. Nf3 Rb5 23. Rc4 Qb6 24. Rb1 Bd7 25. Qc2 Raa5 26. Bh3 f5 27.
Rxa4 Rxa4 28. Qxa4 Rxb2 29. Rxb2 Qxb2 30. Bf1 Qb6 31. Ne5 Qc7 32. f4 Bc8
33. Bg2 Kf6 34. Qa7 Bd7 35. a4 Be8 36. a5 Qc8 37. a6 bxa6 38. Bxc6 Qc7 39.
Qxa6 Bxc6 40. Qxc6 Qa5 41. Kf2 1-0

[Event "ECC"]
[Site "Halkidiki GRE"]
[Date "2002.09.23"]
[Round "2"]
[White "Areshchenko,A"]
[Black "Kobalia,M"]
[Result "0-1"]
[WhiteElo "2533"]
[BlackElo "2625"]
[EventDate "2002.09.22"]

1. e4 c5 2. Nf3 d6 3. d4 cxd4 4. Nxd4 Nf6 5. Nc3 a6 6. Be2 e5 7. Nb3 Be7 8.
Be3 Be6 9. Nd5 Nxd5 10. exd5 Bf5 11. Qd2 O-O 12. O-O Bg6 13. Qb4 Qc7 14.
Na5 Nd7 15. c4 Bd8 16. Qxb7 Rb8 17. Qxc7 Bxc7 18. Nb3 a5 19. c5 a4 20. cxd6
Bxd6 21. Nd2 Rxb2 22. Nc4 Rxe2 23. Nxd6 Nf6 24. Nc4 Nxd5 25. Nxe5 Nxe3 26.
Nxg6 Nxf1 27. Nxf8 Nxh2 28. Nxh7 Kxh7 29. Kxh2 Rxf2 30. a3 Kg6 31. Rd1 Ra2
32. Rd3 f5 33. Kg3 Kg5 34. Kh2 g6 35. Rc3 Kh6 36. Rf3 Ra1 37. g3 Kh5 38.
Kg2 g5 39. Rxf5 Kg4 40. Re5 Ra2+ 41. Kg1 Rxa3 42. Kh2 Ra2+ 43. Kg1 a3 44.
Re3 Kh3 45. g4+ Kxg4 46. Re4+ Kf3 47. Ra4 g4 0-1

[Event "ECC"]
[Site "Halkidiki GRE"]
[Date "2002.09.23"]
[Round "2"]
[White "Palac,M"]
[Black "Conquest,S"]
[Result "1/2-1/2"]
[WhiteElo "2564"]
[BlackElo "2542"]
[EventDate "2002.09.22"]

1. e4 c5 2. Nf3 e6 3. d4 cxd4 4. Nxd4 a6 5. Bd3 Nf6 6. O-O Qc7 7. Qe2 d6 8.
c4 g6 9. Nc3 Bg7 10. Rd1 O-O 11. Bc2 Bd7 12. Bg5 Nc6 13. Nxc6 Bxc6 14. Bf4
Rfd8 15. c5 e5 16. cxd6 Rxd6 17. Rxd6 Qxd6 18. Rd1 Qc7 19. Bg5 h6 20. Bxf6
Bxf6 21. Bb3 Kg7 1/2-1/2

[Event "ECC"]
[Site "Halkidiki GRE"]
[Date "2002.09.23"]
[Round "2"]
[White "Apicella,M"]
[Black "Yemelin,V"]
[Result "0-1"]
[WhiteElo "2510"]
[BlackElo "2534"]
[EventDate "2002.09.22"]

1. e4 e5 2. Nf3 Nc6 3. Bb5 Nf6 4. O-O Nxe4 5. d4 Nd6 6. Bxc6 dxc6 7. dxe5
Nf5 8. Qxd8+ Kxd8 9. Nc3 Ne7 10. h3 Ke8 11. Re1 Ng6 12. Ne4 h6 13. h4 h5
14. Bg5 Bg4 15. Nd4 c5 16. Nb5 Kd7 17. a4 a6 18. Nbc3 Kc6 19. a5 Nxe5 20.
Na4 Re8 21. Bf4 Ng6 22. Bg3 f6 23. c4 Be7 24. f3 Bc8 25. Bf2 b6 26. g3 Ne5
27. Kg2 Nd3 28. Re3 Nxf2 29. Nxf2 Bd6 30. Rb3 b5 31. Nc3 Be6 32. Nce4 Bxc4
33. Rc3 f5 34. Nd2 Bd5 35. Nf1 c4 0-1

[Event "ECC"]
[Site "Halkidiki GRE"]
[Date "2002.09.23"]
[Round "2"]
[White "Lugovoi,A"]
[Black "Moingt,JC"]
[Result "1/2-1/2"]
[WhiteElo "2516"]
[BlackElo "2284"]
[EventDate "2002.09.22"]

1. d4 Nf6 2. c4 c5 3. d5 b5 4. cxb5 a6 5. bxa6 g6 6. Nc3 Bxa6 7. Nf3 d6 8.
g3 Bg7 9. Bg2 Nbd7 10. Rb1 Qa5 11. Bd2 O-O 12. O-O Bb7 13. b3 Qa6 14. Bc1
Nb6 15. Nh4 Ng4 16. Bb2 Qa5 17. Rc1 c4 18. h3 Ne5 19. Ba1 cxb3 20. Qxb3 Ba6
21. Rb1 Nbd7 22. Qb4 Qxb4 23. Rxb4 Rfc8 24. Rfb1 Nd3 25. exd3 Bxc3 26. Bxc3
Rxc3 27. d4 Bd3 28. R1b2 Nf6 29. Rb7 Kf8 30. Bf3 Ra5 31. Rb8+ 1/2-1/2

[Event "ECC"]
[Site "Halkidiki GRE"]
[Date "2002.09.23"]
[Round "2"]
[White "Aleksandrov,A"]
[Black "Hickl,J"]
[Result "1-0"]
[WhiteElo "2654"]
[BlackElo "2602"]
[EventDate "2002.09.22"]

1. d4 c5 2. d5 Nf6 3. c4 e5 4. Nc3 d6 5. e4 Be7 6. Nge2 a6 7. Ng3 g6 8. Bd3
h5 9. a3 Nh7 10. Nf1 Bg5 11. Ne3 Nd7 12. Bd2 O-O 13. Qe2 Rb8 14. g3 Ndf6
15. h4 Bh6 16. f3 Kh8 17. O-O-O Bd7 18. a4 Ng8 19. Rdf1 Qe8 20. b3 f5 21.
f4 exf4 22. gxf4 fxe4 23. Nxe4 Qe7 24. Rhg1 Be8 25. f5 Ngf6 26. Ng5 gxf5
27. Ne6 Rg8 28. Nxf5 Bxd2+ 29. Qxd2 1-0

[Event "ECC"]
[Site "Halkidiki GRE"]
[Date "2002.09.23"]
[Round "2"]
[White "Nedev,T"]
[Black "Gustafsson,J"]
[Result "0-1"]
[WhiteElo "2476"]
[BlackElo "2542"]
[EventDate "2002.09.22"]

1. e4 e5 2. Nf3 Nf6 3. Nxe5 d6 4. Nf3 Nxe4 5. d4 d5 6. Bd3 Nc6 7. O-O Be7
8. c4 Nb4 9. Be2 O-O 10. a3 Nc6 11. cxd5 Qxd5 12. Nc3 Nxc3 13. bxc3 Bf5 14.
Re1 Rfe8 15. Bf4 Rac8 16. c4 Qe4 17. Be3 Bf6 18. Ra2 Na5 19. h3 b6 20. Bf1
Qc6 21. d5 Qd6 22. Nd4 Bd7 23. Qd3 c6 24. dxc6 Nxc6 25. Nb5 Qxd3 26. Bxd3
Be5 27. Rc2 Bb8 28. Be2 Na5 29. Nd4 Bd6 30. Rd2 Bc5 31. Rb1 h6 32. Kf1 Red8
33. Nc2 Be7 34. Nb4 Be6 35. Rxd8+ Bxd8 36. Rd1 Nxc4 37. Nc6 Nxe3+ 38. fxe3
Rxc6 39. Rxd8+ Kh7 40. Ra8 Rc7 41. Bf3 Kg6 42. h4 Kf6 43. Ke2 Ke5 44. Kd2
Bb3 45. Re8+ Kf6 46. Ra8 Ba4 47. g3 Ke5 48. Kd3 Bc2+ 49. Kd2 Bf5 50. Re8+
Kf6 51. Ra8 Ke7 52. g4 Bc8 53. g5 hxg5 54. hxg5 Kd6 55. Bd1 Ke5 56. Bc2 g6
57. Bb1 f6 58. gxf6 Kxf6 59. Ke2 g5 60. Kf2 g4 61. Kg3 Kg5 62. Ba2 a5 63.
Rb8 Rc3 64. Rxb6 Rxe3+ 65. Kf2 Rxa3 66. Be6 Bxe6 67. Rxe6 a4 68. Ra6 Rf3+
69. Kg2 Rf4 70. Kg3 Re4 71. Ra5+ Kf6 72. Rd5 Ke6 73. Rd8 Ke5 74. Kf2 Rd4
75. Re8+ Kd5 76. Ke3 Rb4 77. Rg8 Rb3+ 78. Kf2 g3+ 79. Kg2 Kc4 80. Rg4+ Kb5
81. Re4 Rc3 82. Rf4 a3 83. Rf8 Kc4 84. Rb8 a2 85. Ra8 Kb3 0-1

[Event "ECC"]
[Site "Halkidiki GRE"]
[Date "2002.09.23"]
[Round "2"]
[White "Naumann,A"]
[Black "Bogdanovski,V"]
[Result "0-1"]
[WhiteElo "2507"]
[BlackElo "2483"]
[EventDate "2002.09.22"]

1. e4 d6 2. d4 Nf6 3. Nc3 g6 4. f4 Bg7 5. Nf3 O-O 6. e5 dxe5 7. fxe5 Nd5 8.
Bc4 Be6 9. Qe2 Nxc3 10. bxc3 Bxc4 11. Qxc4 Nd7 12. O-O Nb6 13. Qd3 Qd5 14.
Ba3 Rfe8 15. h4 f6 16. Rae1 Qxa2 17. Bc1 Qc4 18. Qe4 f5 19. Qf4 Nd5 20. Qg3
Nxc3 21. h5 Ne4 22. Qh4 Qc6 23. d5 Qxd5 24. hxg6 hxg6 25. Rxe4 Qxe4 26. Bf4
a5 27. Re1 Qb4 28. Re3 Ra6 29. Ng5 Kf8 30. e6 Rd8 31. Nh7+ Kg8 32. Ng5 Kf8
33. Nh7+ Kg8 34. Ng5 Rd1+ 35. Kh2 Kf8 36. Nh7+ Ke8 37. Qg3 Kd8 38. Rb3 Qd4
39. Qf3 Be5 40. Bxe5 Qxe5+ 41. g3 Rd2+ 42. Kh3 Qh8 0-1

[Event "ECC"]
[Site "Halkidiki GRE"]
[Date "2002.09.23"]
[Round "2"]
[White "O'Cinneide,M"]
[Black "Sutovsky,E"]
[Result "0-1"]
[WhiteElo "2251"]
[BlackElo "2658"]
[EventDate "2002.09.22"]

1. c4 e5 2. g3 Nf6 3. Bg2 c6 4. d4 exd4 5. Qxd4 Na6 6. Nc3 Bc5 7. Qd1 d5 8.
cxd5 Nb4 9. Nf3 Nbxd5 10. Nxd5 Qxd5 11. O-O O-O 12. b3 Qh5 13. Bb2 Ng4 14.
Qd2 Re8 15. Rac1 Bb6 16. Rcd1 Bf5 17. Bd4 Bxd4 18. Qxd4 Be4 19. h3 Nf6 20.
Rd2 Qb5 21. Rc1 Bd5 22. e3 a5 23. Qf4 a4 24. Nd4 Qa5 25. Rdc2 Bxg2 26. Kxg2
Nd5 27. Qg4 g6 28. Qf3 Nb4 29. Rc5 Qc7 30. Qe2 axb3 31. axb3 Ra2 32. Nc2
Qd6 33. Qc4 Nd3 0-1

[Event "ECC"]
[Site "Halkidiki GRE"]
[Date "2002.09.23"]
[Round "2"]
[White "Hurley,J"]
[Black "Lerner,K"]
[Result "0-1"]
[WhiteElo "2095"]
[BlackElo "2536"]
[EventDate "2002.09.22"]

1. e4 c5 2. Nf3 d6 3. d4 cxd4 4. Nxd4 Nf6 5. Nc3 Nc6 6. Be2 e5 7. Nf3 h6 8.
h3 Be7 9. Be3 Be6 10. Qd2 a6 11. a4 Rc8 12. Rd1 Nb4 13. O-O O-O 14. Ne1 d5
15. exd5 Nfxd5 16. Nxd5 Nxd5 17. Bf3 Nxe3 18. Qxe3 Qa5 19. b3 Bc5 20. Qe2
Rc7 21. c4 Re7 22. Bd5 Qb6 23. Qc2 Bxd5 24. Rxd5 e4 25. Qd1 Rfe8 26. Nc2
Re5 27. b4 Bxb4 28. Qb1 Rxd5 29. cxd5 Bc5 30. Qxb6 Bxb6 31. Rb1 Bc5 32.
Rxb7 Rd8 33. Nb4 a5 34. Nc6 Rxd5 35. Rb5 Rd1+ 36. Kh2 Bxf2 37. Rxa5 e3 38.
Re5 f6 39. Re4 f5 40. Re5 f4 0-1

[Event "ECC"]
[Site "Halkidiki GRE"]
[Date "2002.09.23"]
[Round "2"]
[White "Taylor,P"]
[Black "Baklan,V"]
[Result "0-1"]
[WhiteElo "2224"]
[BlackElo "2614"]
[EventDate "2002.09.22"]

1. c4 Nf6 2. g3 g6 3. Bg2 Bg7 4. Nc3 O-O 5. d3 c5 6. Bg5 h6 7. Bd2 Nc6 8.
Qc1 Kh7 9. h4 h5 10. Nh3 d6 11. Nf4 Rb8 12. Rb1 Bg4 13. Ne4 Nxe4 14. Bxe4
Qc8 15. f3 Bf5 16. Bxf5 Qxf5 17. e4 Qd7 18. Qd1 b5 19. b3 bxc4 20. dxc4 f5
21. O-O fxe4 22. fxe4 e5 23. Ne2 Qg4 24. Bg5 Nd4 25. Rb2 Rxf1+ 26. Qxf1 Rf8
27. Qg2 Nf3+ 28. Kh1 Ne1 0-1

[Event "ECC"]
[Site "Halkidiki GRE"]
[Date "2002.09.23"]
[Round "2"]
[White "Timofeev,Ar"]
[Black "Lauterbach,I"]
[Result "1-0"]
[WhiteElo "2558"]
[BlackElo "2142"]
[EventDate "2002.09.22"]

1. e4 d6 2. d4 Nf6 3. Nc3 g6 4. Bg5 c6 5. Qd2 b5 6. Bd3 Bg7 7. f4 Qb6 8.
Nf3 a6 9. e5 dxe5 10. fxe5 Nd5 11. O-O Nxc3 12. bxc3 Be6 13. Bh6 O-O 14.
Bxg7 Kxg7 15. Ng5 Bd5 16. Nxh7 Rh8 17. Ng5 f6 18. exf6+ exf6 19. Rxf6 Kxf6
20. Qf4+ Kg7 21. Qe5+ Kg8 22. Qe8+ 1-0

[Event "ECC"]
[Site "Halkidiki GRE"]
[Date "2002.09.23"]
[Round "2"]
[White "Avrukh,B"]
[Black "Berndt,S"]
[Result "1-0"]
[WhiteElo "2582"]
[BlackElo "2482"]
[EventDate "2002.09.22"]

1. d4 Nf6 2. c4 g6 3. Nc3 d5 4. Nf3 Bg7 5. cxd5 Nxd5 6. e4 Nxc3 7. bxc3 c5
8. Rb1 O-O 9. Be2 b6 10. O-O Bb7 11. d5 Qd6 12. Qc2 Nd7 13. Nd2 Rad8 14. f4
e6 15. c4 Qe7 16. Bf3 g5 17. e5 exd5 18. cxd5 Ba6 19. Qf5 gxf4 20. Be4 Rfe8
21. Qxh7+ Kf8 22. Rxf4 Nxe5 23. Rb3 Bb7 24. Rg3 f6 25. Bb2 Qf7 26. Nc4 Bxd5
27. Nxe5 Bxe4 28. Rxe4 Rd1+ 29. Kf2 fxe5+ 30. Rf3 Rd2+ 31. Kg3 Rxb2 32.
Rxf7+ Kxf7 33. Rg4 Rg8 34. Qf5+ Ke7 35. Rg6 Rd2 36. Re6+ Kd8 37. Rg6 Rd7
38. h4 e4 39. Kh3 e3 40. Qg5+ Ke8 41. Qxe3+ 1-0

[Event "ECC"]
[Site "Halkidiki GRE"]
[Date "2002.09.23"]
[Round "2"]
[White "Polzin,R"]
[Black "Huzman,A"]
[Result "0-1"]
[WhiteElo "2462"]
[BlackElo "2591"]
[EventDate "2002.09.22"]

1. e4 c5 2. Nc3 d6 3. f4 Nc6 4. Nf3 g6 5. Bc4 Bg7 6. O-O e6 7. d3 Nge7 8.
Qe1 O-O 9. f5 d5 10. Bb3 dxe4 11. f6 exf3 12. fxg7 Kxg7 13. Rxf3 Nd4 14.
Rf1 Ng8 15. Ne4 b6 16. c3 Nxb3 17. axb3 f6 18. d4 Bb7 19. dxc5 Qd5 20. Ra4
e5 21. Rf2 Qxb3 22. Rb4 Qe6 23. cxb6 axb6 24. Be3 Bxe4 25. Rxe4 Ne7 26. g4
Qc6 27. Rf1 g5 28. Bc1 Ng6 29. Qe2 b5 30. Rb4 Rfb8 31. Be3 Ra4 32. Rxa4
bxa4 33. Rd1 Rb7 34. Qg2 Qxg2+ 35. Kxg2 Nh4+ 36. Kg3 Rxb2 37. Ra1 Rg2+ 38.
Kh3 Rc2 0-1

[Event "ECC"]
[Site "Halkidiki GRE"]
[Date "2002.09.23"]
[Round "2"]
[White "Poldauf,D"]
[Black "Roiz,M"]
[Result "0-1"]
[WhiteElo "2410"]
[BlackElo "2507"]
[EventDate "2002.09.22"]

1. c4 e6 2. g3 d5 3. Bg2 Nf6 4. Nf3 dxc4 5. Qa4+ c6 6. Qxc4 b5 7. Qb3 Bb7
8. O-O Nbd7 9. d4 a6 10. a4 c5 11. axb5 Bd5 12. Qc2 axb5 13. Rxa8 Qxa8 14.
Nc3 Bc6 15. e4 Nxe4 16. Ne5 Nxe5 17. Nxe4 Nd7 18. Re1 c4 19. Bf4 Bb4 20.
Re2 O-O 21. Ng5 g6 22. Be4 Nf6 23. Bxc6 Qxc6 24. Be5 Be7 25. Qc1 Nd5 26.
Ne4 Ra8 27. Re1 f6 28. Bf4 Nb4 29. Qe3 Nc2 30. Qf3 Nxd4 31. Nxf6+ Bxf6 32.
Qxc6 Nxc6 33. Rxe6 Bxb2 34. Rxc6 Bd4 35. Rd6 Bc5 36. Rc6 Bf8 37. Rb6 b4 38.
Kg2 b3 39. Kf3 Bg7 40. Ke4 b2 41. Rb7 Re8+ 0-1

[Event "ECC"]
[Site "Halkidiki GRE"]
[Date "2002.09.23"]
[Round "2"]
[White "Rudolf,Hen"]
[Black "Vydeslaver,A"]
[Result "0-1"]
[WhiteElo "2348"]
[BlackElo "2430"]
[EventDate "2002.09.22"]

1. e4 c5 2. Nf3 Nc6 3. d4 cxd4 4. Nxd4 Nf6 5. Nc3 d6 6. Bg5 e6 7. Qd2 a6 8.
O-O-O h6 9. Nxc6 bxc6 10. Bf4 d5 11. Qe3 Qa5 12. Be2 dxe4 13. h4 e5 14. Bh2
Bc5 15. Qg3 O-O 16. Qxe5 Re8 17. Qf4 Bb4 18. Qe3 Bxc3 19. Qxc3 Qxc3 20.
bxc3 Bg4 21. Bxg4 Nxg4 22. Bg3 Rad8 23. Rd4 c5 24. Rc4 Rd5 25. Re1 f5 26.
Rd1 Rxd1+ 27. Kxd1 e3 28. Rf4 g6 29. h5 Kg7 30. hxg6 Kxg6 31. fxe3 Rxe3 32.
Be1 Re4 33. Rxe4 fxe4 34. Ke2 c4 35. Bg3 Kf5 36. Bb8 Ke6 37. Bg3 Kd5 38.
Bf4 h5 39. Bb8 Ke6 40. Bf4 Kf5 41. Bd6 Nf6 42. Ke3 Nd5+ 43. Kd4 Nf4 44. g3
Ne2+ 45. Kxc4 Kg4 46. Kd5 Nxc3+ 47. Ke5 e3 48. Bb4 Nxa2 49. Ba5 Kf3 50. c4
Nc1 51. c5 Nd3+ 0-1

[Event "ECC"]
[Site "Halkidiki GRE"]
[Date "2002.09.23"]
[Round "2"]
[White "Beaumont,C"]
[Black "Kishnev,S"]
[Result "1-0"]
[WhiteElo "2318"]
[BlackElo "2497"]
[EventDate "2002.09.22"]

1. d4 d5 2. Nf3 c5 3. dxc5 e6 4. b4 a5 5. c3 axb4 6. cxb4 b6 7. a4 bxc5 8.
b5 Nf6 9. e3 Ne4 10. Be2 Qa5+ 11. Nfd2 Be7 12. O-O Bf6 13. Ra2 Nd6 14. e4
Bb7 15. Nb3 Qc7 16. exd5 c4 17. Nd4 e5 18. Nc6 Nxb5 19. axb5 Rxa2 20. d6
Qc8 21. Bg4 Nd7 22. Nc3 Ra6 23. Nxe5 Bxe5 24. bxa6 Bxa6 25. Re1 Qc6 26.
Bxd7+ Kxd7 27. Qg4+ Kxd6 28. Ba3+ Kc7 29. Rxe5 Kb6 30. Nd5+ 1-0

[Event "ECC"]
[Site "Halkidiki GRE"]
[Date "2002.09.23"]
[Round "2"]
[White "Coenen,N"]
[Black "Burgess,G"]
[Result "1-0"]
[WhiteElo "2425"]
[BlackElo "2309"]
[EventDate "2002.09.22"]

1. e4 Nf6 2. e5 Nd5 3. d4 d6 4. Nf3 Bg4 5. Be2 c6 6. c4 Nc7 7. exd6 exd6 8.
O-O Be7 9. h3 Bf5 10. d5 cxd5 11. cxd5 Nd7 12. Nc3 O-O 13. Nd4 Bg6 14. f4
f5 15. Bf3 Bf6 16. Re1 Bxd4+ 17. Qxd4 Nf6 18. g3 Qd7 19. a4 a5 20. Bd2 Na6
21. Re3 Nb4 22. Rc1 Rac8 23. Qb6 Rc5 24. Re6 Rd8 25. Be3 Rxc3 26. bxc3
Nbxd5 27. Qxa5 b6 28. Bxd5 Bf7 29. Rxf6 bxa5 30. Rxf7 1-0

[Event "ECC"]
[Site "Halkidiki GRE"]
[Date "2002.09.23"]
[Round "2"]
[White "Marechal,A"]
[Black "Buckley,D"]
[Result "1/2-1/2"]
[WhiteElo "2288"]
[BlackElo "2190"]
[EventDate "2002.09.22"]

1. e4 c5 2. c3 d5 3. exd5 Qxd5 4. d4 Nf6 5. Nf3 Bg4 6. Be2 e6 7. O-O Nc6 8.
h3 Bh5 9. Be3 cxd4 10. Nxd4 Bxe2 11. Qxe2 Nxd4 12. cxd4 Be7 13. Nc3 Qd7 14.
Rfd1 O-O 15. Rac1 Rac8 16. d5 a6 17. Bg5 exd5 18. Bxf6 Bxf6 19. Nxd5 Qe6
20. Qxe6 fxe6 21. Nxf6+ gxf6 22. Rxc8 Rxc8 23. Rd7 Rc1+ 24. Kh2 b5 25. Rd6
Rc2 26. Rxa6 Rxb2 27. Rxe6 Rxf2 28. a3 Kf7 29. Rb6 Ra2 30. Rxb5 Rxa3 31. h4
Re3 32. g3 Re5 33. Rb7+ Kg6 34. Kh3 Ra5 35. Rb3 Ra2 36. Rb7 h5 37. Rb5 Rc2
38. Rb4 Ra2 1/2-1/2

[Event "ECC"]
[Site "Halkidiki GRE"]
[Date "2002.09.23"]
[Round "2"]
[White "Maki,V"]
[Black "Har Zvi,R"]
[Result "1/2-1/2"]
[WhiteElo "2384"]
[BlackElo "2505"]
[EventDate "2002.09.22"]

1. e4 d5 2. exd5 Qxd5 3. Nc3 Qa5 4. d4 Nf6 5. Nf3 c6 6. Bc4 Bf5 7. Bd2 e6
8. Nd5 Qd8 9. Nxf6+ gxf6 10. Qe2 Nd7 11. O-O-O Be7 12. Nh4 Bg6 13. Rhe1 Nb6
14. Bb3 Qd7 15. Bf4 Nd5 16. Bg3 b5 17. c4 bxc4 18. Bxc4 Qb7 19. Nxg6 hxg6
20. Rd3 a5 21. a3 Kf8 22. Kb1 Kg7 23. Rc1 Rhd8 24. h4 Bd6 25. Bxd5 cxd5 26.
Bxd6 Rxd6 27. Rdc3 Rb8 28. Rc7 Qb3 29. h5 Rdb6 30. R1c2 g5 31. f4 Qg3 32.
fxg5 Rxb2+ 33. Rxb2 Rxb2+ 34. Kxb2 Qxc7 35. gxf6+ Kxf6 36. Qg4 Qb8+ 37. Kc2
a4 38. Qh4+ Kg7 39. Qg5+ Kh7 40. Qf6 Kg8 41. h6 Qb3+ 42. Kd2 Qb2+ 43. Ke1
Qxg2 44. h7+ Kxh7 45. Qxf7+ Qg7 46. Qh5+ Qh6 47. Qf7+ 1/2-1/2

[Event "ECC"]
[Site "Halkidiki GRE"]
[Date "2002.09.23"]
[Round "2"]
[White "Gofshtein,Z"]
[Black "Nyysti,S"]
[Result "1-0"]
[WhiteElo "2519"]
[BlackElo "2297"]
[EventDate "2002.09.22"]

1. d4 Nf6 2. c4 e6 3. Nc3 Bb4 4. Qc2 c5 5. dxc5 O-O 6. Nf3 Na6 7. g3 Nxc5
8. Bg2 Nce4 9. Bd2 Nxd2 10. Nxd2 d5 11. a3 Bxc3 12. Qxc3 Bd7 13. cxd5 exd5
14. O-O Qb6 15. Qb4 Qxb4 16. axb4 Bb5 17. Bf3 Rfe8 18. Rfe1 a6 19. e3 Rac8
20. Rec1 Kf8 21. Nb3 h5 22. Na5 b6 23. Nb3 Rxc1+ 24. Rxc1 Bd7 25. Ra1 Bc8
26. Be2 Re4 27. Nd4 Re7 28. Bxa6 Ra7 29. b5 Ne8 30. Nc6 Ra8 31. Ra3 Bd7 32.
Rc3 Nd6 33. Ne5 Be8 34. Rd3 Ke7 35. f4 f6 36. Nf3 Bg6 37. Rc3 Kd7 38. Nd4
Be4 39. Kf2 Rg8 40. Ke1 g5 41. Rc6 Rb8 42. b3 h4 43. g4 gxf4 44. exf4 Rg8
45. Rxb6 Rxg4 46. Rb8 Kc7 47. Rf8 Rg1+ 48. Kd2 Rg2+ 49. Kc3 Rxh2 50. Rxf6
h3 51. b6+ Kd7 52. Rh6 Ra2 53. Be2 1-0

[Event "ECC"]
[Site "Halkidiki GRE"]
[Date "2002.09.23"]
[Round "2"]
[White "Lehtinen,H"]
[Black "Kantsler,B"]
[Result "0-1"]
[WhiteElo "2338"]
[BlackElo "2487"]
[EventDate "2002.09.22"]

1. c4 g6 2. g3 Bg7 3. Bg2 d6 4. Nc3 Nf6 5. d3 O-O 6. e4 c5 7. Nge2 Nc6 8.
O-O Ne8 9. Be3 Nd4 10. Rb1 Nc7 11. Qd2 a5 12. b3 Bd7 13. a4 Bc6 14. f4 f5
15. Bf2 Na6 16. Kh1 e6 17. Bg1 Nb4 18. Na2 e5 19. Nxb4 axb4 20. fxe5 dxe5
21. Bxd4 cxd4 22. Qxb4 fxe4 23. dxe4 d3 24. Ng1 Qd4 25. Rfe1 d2 26. Red1
Rf2 27. Nf3 Qxe4 0-1

[Event "ECC"]
[Site "Halkidiki GRE"]
[Date "2002.09.23"]
[Round "2"]
[White "Zoler,D"]
[Black "Hokkanen,P"]
[Result "1-0"]
[WhiteElo "2503"]
[BlackElo "2248"]
[EventDate "2002.09.22"]

1. d4 d6 2. Nf3 f5 3. g3 Nf6 4. Bg2 g6 5. O-O Bg7 6. c4 O-O 7. Nc3 Qe8 8.
d5 e5 9. dxe6 Qxe6 10. Ng5 Qe7 11. c5 Nc6 12. cxd6 cxd6 13. Bf4 Ne8 14. Nd5
Qd7 15. Rc1 h6 16. Nf3 Qf7 17. Qd2 Kh7 18. Rfd1 Be6 19. b3 Rd8 20. Nb4 Ne7
21. Nd4 Bc8 22. h4 Ng8 23. Nb5 a6 24. Nc3 Ngf6 25. Nbd5 Be6 26. Rc2 Ng4 27.
Qc1 Ne5 28. Na4 Nc6 29. Be3 Ne5 30. Nab6 Nc6 31. Nf4 Ne5 32. Nxe6 Qxe6 33.
Bxb7 Ng4 34. Bd5 Qe7 35. Bf4 Nef6 36. Bf3 Qa7 37. Rc6 Ne5 38. Rcxd6 Rxd6
39. Rxd6 Nfg4 40. Bxg4 Nxg4 41. Qc4 Re8 42. e3 Re4 43. Qc6 1-0

[Event "ECC"]
[Site "Halkidiki GRE"]
[Date "2002.09.23"]
[Round "2"]
[White "Natri,A"]
[Black "Stisis,Y"]
[Result "0-1"]
[WhiteElo "2189"]
[BlackElo "2405"]
[EventDate "2002.09.22"]

1. e4 c5 2. Nf3 d6 3. d4 cxd4 4. Nxd4 Nf6 5. Nc3 g6 6. Be3 Bg7 7. f3 O-O 8.
Qd2 Nc6 9. g4 Be6 10. h4 d5 11. h5 Nxd4 12. Bxd4 dxe4 13. hxg6 fxg6 14.
O-O-O exf3 15. Qh2 Qd6 16. Be5 Qc5 17. Bxf6 Rxf6 18. Kb1 h6 19. Ne4 Qb4 20.
Nxf6+ Bxf6 21. c3 Bxa2+ 22. Kxa2 Qa4+ 23. Kb1 Qxd1+ 24. Ka2 Qa4+ 25. Kb1
Rd8 26. Bh3 Qe4+ 27. Qc2 Qxc2+ 28. Kxc2 Bg5 29. Rd1 Rxd1 30. Kxd1 Kf7 31.
Bf1 Kf6 32. Bd3 Ke5 33. Bxg6 Kf4 34. Ke1 e5 0-1

[Event "ECC"]
[Site "Halkidiki GRE"]
[Date "2002.09.23"]
[Round "2"]
[White "Bitansky,I"]
[Black "Sisatto,O"]
[Result "1-0"]
[WhiteElo "2337"]
[BlackElo "2227"]
[EventDate "2002.09.22"]

1. e4 e5 2. Nf3 Nf6 3. Nxe5 d6 4. Nf3 Nxe4 5. Bd3 Nf6 6. O-O Be7 7. c3 O-O
8. Bc2 Bg4 9. d4 c5 10. h3 Bh5 11. Bf4 Nd5 12. Bg3 Nc6 13. dxc5 dxc5 14.
Nbd2 f5 15. Qb1 g6 16. Qe1 Bf6 17. Qe6+ Kg7 18. Bb3 Nde7 19. Bd6 Bxf3 20.
Nxf3 b6 21. Rfe1 Qc8 22. Qe3 Rd8 23. Rad1 Re8 24. Ng5 Bxg5 25. Qxg5 Qb7 26.
Be6 Rad8 27. Bf4 Rxd1 28. Rxd1 Rd8 29. Rxd8 Nxd8 30. Be5+ Kf8 31. Qf6+ Ke8
32. Qh8+ 1-0

[Event "ECC"]
[Site "Halkidiki GRE"]
[Date "2002.09.23"]
[Round "2"]
[White "Stohl,I"]
[Black "Suba,M"]
[Result "1-0"]
[WhiteElo "2556"]
[BlackElo "2507"]
[EventDate "2002.09.22"]

1. d4 Nf6 2. c4 e6 3. Nc3 Bb4 4. Qc2 d5 5. cxd5 Qxd5 6. e3 c5 7. Bd2 Bxc3
8. Bxc3 cxd4 9. Bxd4 Nc6 10. Bc3 e5 11. Nf3 Bg4 12. Be2 O-O 13. h3 Bh5 14.
O-O Rac8 15. Rfd1 Qc5 16. Qb3 Qe7 17. Qa4 a6 18. g4 Bg6 19. Nh4 Rc7 20.
Nxg6 hxg6 21. Qa3 Qxa3 22. bxa3 Ne4 23. Bb2 Rfc8 24. Rac1 Kf8 25. Kg2 f6
26. Bd3 Nd6 27. Bxg6 Ke7 28. a4 Na5 29. Ba3 Rxc1 30. Rxc1 Nac4 31. Bxd6+
Nxd6 32. Rxc8 Nxc8 33. Be4 Nd6 34. Bd5 a5 35. h4 b5 36. axb5 Nxb5 37. f4
Nc3 38. Bc4 exf4 39. exf4 Ne4 40. h5 Kd6 41. Bb3 Nc5 42. Kf3 a4 43. Bc4 a3
44. Ke3 Nb7 45. Kd4 Ke7 46. Bd5 Nd6 47. Kc5 Nc8 48. Kb4 Kd6 49. Be4 Nb6 50.
Kxa3 Nc4+ 51. Kb4 Ne3 52. Bf3 Nc2+ 53. Kc3 Na3 54. Kb3 1-0

[Event "ECC"]
[Site "Halkidiki GRE"]
[Date "2002.09.23"]
[Round "2"]
[White "Saldano,H"]
[Black "Timoscenko,G"]
[Result "1/2-1/2"]
[WhiteElo "2414"]
[BlackElo "2508"]
[EventDate "2002.09.22"]

1. d4 Nf6 2. Nf3 g6 3. g3 Bg7 4. Bg2 O-O 5. O-O d6 6. a4 a5 7. c3 b6 8.
Nbd2 Bb7 9. Qc2 Nbd7 10. e4 e5 11. b3 Re8 12. Re1 d5 13. Nxe5 Nxe5 14. dxe5
Nxe4 15. Nxe4 dxe4 16. Bb2 Bxe5 17. Bxe4 Bxe4 18. Rxe4 Bg7 19. Rae1 Qd7 20.
c4 1/2-1/2

[Event "ECC"]
[Site "Halkidiki GRE"]
[Date "2002.09.23"]
[Round "2"]
[White "Bednar,Jar"]
[Black "Romero Holmes,A"]
[Result "0-1"]
[WhiteElo "2335"]
[BlackElo "2524"]
[EventDate "2002.09.22"]

1. e4 c5 2. Nf3 d6 3. d4 cxd4 4. Qxd4 Nf6 5. e5 Nc6 6. Bb5 Qa5+ 7. Nc3 Qxb5
8. Nxb5 Nxd4 9. Nfxd4 dxe5 10. Nf3 Nd5 11. Nxe5 a6 12. Nd4 f6 13. Nd3 e5
14. Nb3 Bf5 15. Ke2 Rc8 16. c3 Kf7 17. Be3 Be7 18. Rhd1 Rhd8 19. f3 Rxc3
20. Nxe5+ fxe5 21. bxc3 Nxc3+ 22. Ke1 Nxd1 23. Rxd1 Rxd1+ 24. Kxd1 Be6 25.
Nc5 Bxc5 26. Bxc5 Bxa2 27. Kc2 Ke6 28. Kc3 Kd5 29. Bf8 g6 30. Bh6 a5 31.
Be3 Kc6 32. f4 exf4 33. Bxf4 b5 34. g4 b4+ 35. Kd4 a4 36. h4 a3 0-1